| 000 | 01502 a2200361 4500 | ||
|---|---|---|---|
| 001 | 16732628 | ||
| 005 | 20220326193258.0 | ||
| 010 | _a 2011382633 | ||
| 020 | _a8777660870 (pbk.) | ||
| 020 | _a9788777660870 (pbk.) | ||
| 035 | _a(OCoLC)ocm45576575 | ||
| 040 |
_aFBR _cFBR _dOCL _dSMI _dOCLCQ _dDLC |
||
| 041 | 1 |
_adan _heng |
|
| 042 | _alccopycat | ||
| 043 | _anwht--- | ||
| 050 | 0 | 0 |
_aND306 _b.B55 2000 |
| 082 | 0 | 4 |
_a759.972.94 _bB597b |
| 245 | 0 | 0 |
_aBilleder fra Haiti = _bImages from Haiti, Jorgen Leth's collection. |
| 246 | 3 | 1 | _aImages from Haiti |
| 246 | 3 | 0 | _aJorgen Leth's collection. |
| 260 |
_a[Denmark] : _bKunsthallen Brandts Kld̆efabrik, _c[2000] |
||
| 300 |
_a191 p. : _bcol. ill. ; _c29 cm. |
||
| 500 | _aExhibition "shown in Kunsthallen Brandts Kld̆efabrik from the 18 September 1999 to the 30 January 2000." | ||
| 546 | _aBilingual edition--Text in Danish and English. | ||
| 600 | 1 | 0 |
_aLeth, Jr̜gen _xArt collections _vCatalogs. _91227 |
| 650 | 0 |
_aPainting, Haitian _y20th century _vExhibitions. _91228 |
|
| 650 | 0 |
_xLeth, Jorgen-art collections-catalogs _xpainting, Haiti- 20th century-exhibitions _xpainting, modern _xHaiti in art _91229 |
|
| 650 | 0 |
_aPainting, Modern _y20th century _zHaiti _vExhibitions. _91230 |
|
| 650 | 0 |
_aHaiti in art. _91231 |
|
| 710 | 2 |
_aKunsthallen (Brandts kld̆efabrik) _91232 |
|
| 906 |
_a7 _bcbc _ccopycat _d3 _encip _f20 _gy-gencatlg |
||
| 999 |
_c268 _d268 |
||